[Event "RUS Rapid GP Top 16 2018"]
[Site "Khanty-Mansiysk"]
[Date "2018.12.01"]
[Round "5"]
[White "Kryakvin, Dmitry"]
[Black "Shuvalova, Polina"]
[Result "1-0"]
[WhiteElo "2529"]
[BlackElo "2411"]
[Annotator "TA"]
[PlyCount "67"]
[EventDate "2018.12.01"]
[EventType "swiss"]
[EventCountry "RUS"]
[SourceTitle "playchess.com"]
[Source "ChessBase"]
[SourceQuality "1"]

{[%evp 21,67,9,26,8,7,7,10,10,27,12,9,16,22,9,48,37,38,0,0,0,0,0,0,0,10,5,51,47,47,19,33,40,49,51,69,61,73,71,446,443,461,499,513,513,498,494,560,545]} 1. d4 Nf6 2. c4 e6 3. Nf3 d5 4. Bg5 Be7 5. e3 h6 6. Bh4 O-O 7. Nc3 Nbd7 8. Qc2 c5 9. cxd5 cxd4 {D61: Queen's Gambit Declined: Classical: 7 Qc2} 10. Nxd4 Nxd5 11. Bxe7 Nxe7 {LiveBook: 14 Games. The position is equal.} 12. Rd1 $146 ({Predecessor:} 12. Be2 Nf6 13. O-O Bd7 14. Rfd1 Qb6 15. Qb3 Qxb3 16. axb3 a5 17. Bf3 {½-½ (40) Wang,Y (2699)-Kramnik,V (2812) Dortmund 2017}) 12... a6 13. Be2 Qc7 14. O-O Nb6 15. Rd2 Bd7 16. Rfd1 Rac8 17. h3 e5 18. Nb3 Bf5 19. e4 Be6 20. Bg4 Bxg4 21. hxg4 Rfd8 22. Na5 Rxd2 23. Qxd2 Nc4 24. Nxc4 Qxc4 25. Qd7 Rc7 26. Qd8+ Kh7 27. Rc1 Ng6 {[#]} 28. Ne2 $1 $36 {[%mdl 2560] Black is under pressure.} Qxe2 29. Qxc7 Qxe4 $2 $14 {[%mdl 8192] KQR-KQN} (29... Qxg4 $16 {is tougher.} 30. f3 (30. Qxf7 $2 Nf4 $19) 30... Qg5) 30. Qc4 $18 {White is clearly winning.} Qd4 31. Qxd4 ({Not} 31. Qxf7 Qxg4 32. Qxb7 Qe2 $18) 31... exd4 32. Rc7 Ne5 33. Rxb7 d3 {[#] Strongly threatening ...d2.} 34. Kf1 {Accuracy: White = 68%, Black = 34%.} 1-0

[Event "RUS Rapid GP Top 16 2018"]
[Site "Khanty-Mansiysk"]
[Date "2018.12.01"]
[Round "5"]
[White "Maltsevskaya, Aleksandra"]
[Black "Iljiushenok, Ilia"]
[Result "0-1"]
[WhiteElo "2247"]
[BlackElo "2607"]
[Annotator "TA"]
[PlyCount "72"]
[EventDate "2018.12.01"]
[EventType "swiss"]
[EventCountry "RUS"]
[SourceTitle "playchess.com"]
[Source "ChessBase"]
[SourceQuality "1"]

{[%evp 19,72,0,7,0,0,0,0,0,0,-11,3,1,0,0,0,0,0,-31,-18,-72,-78,-322,-304,-295,-299,-275,-201,-339,-202,-332,-328,-381,-383,-382,-367,-377,-366,-449,-437,-430,-394,-654,-651,-811,-804,-29985,-29986,-29985,-29986,-29991,-29991,-29993,-29992,-29995,-29996]} 1. Nf3 Nf6 2. g3 d5 3. Bg2 c6 4. O-O Bg4 5. c4 e6 6. cxd5 Bxf3 7. Bxf3 cxd5 8. d3 Nc6 {A11: English Opening: 1...c6} 9. b3 Be7 10. Bb2 O-O {LiveBook: 3 Games. The position is equal.} 11. Nd2 (11. e3 Rc8 12. a3 Ne8 13. d4 Nd6 14. Qd3 Na5 {½-½ (56) Nakamura,H (2785)-Adams,M (2751) Sharjah 2017}) 11... Rc8 12. a3 Qb6 $146 ({Predecessor:} 12... Nd7 13. e3 Nc5 14. Be2 Bf6 15. Bxf6 Qxf6 {½-½ (47) Beydullayeva,G (2202)-Maltsevskaya,A (2290) Porto Carras 2018}) 13. e3 {[%cal Be2e3,Be3e4][%mdl 32]} a5 14. Rb1 Na7 {[%cal Bc6a7,Ba7b5,Bb5d4,Bd4e2][%mdl 32]} 15. b4 axb4 16. axb4 {Threatens to win with Bd4.} Nb5 17. Qb3 Nd7 {[%cal Bf6d7,Bd7e5,Be5d3][%mdl 32]} 18. e4 Nd4 19. Qa4 (19. Bxd4 $11 {keeps the balance.} Qxd4 20. exd5) 19... Ne5 $17 {[%mdl 64] [#] Double Attack} 20. Bg2 $2 (20. Qd1 $17 {keeps fighting.}) 20... Ne2+ $19 (20... Nxd3 21. Bxd4 Qxd4 22. exd5 $15) 21. Kh1 Nxd3 {[%mdl 64] Hoping for ...Qxf2! Double Attack} 22. exd5 exd5 ({Not} 22... Bxb4 23. Qb3 $11) ({Weaker is} 22... Qxb4 23. Qxb4 Bxb4 24. Nf3 $17) 23. Qd7 (23. Bf3 {was the only chance.} Nxb2 24. Rxb2) 23... Bf6 $40 {[%mdl 128] Black goes for the king.} ({Stronger than} 23... Qxb4 {[#]} 24. Bxg7 $1 {[%mdl 512]} Rfd8 25. Qh3 $11 (25. Qf5 Qxd2 26. Rxb7 Re8 $11)) (23... Bxb4 $2 24. Ba3 $17) (23... Nxf2+ $142 24. Rxf2 Qxf2 25. Qxe7 Rc2) 24. Bxf6 (24. Qg4 $142 Nxb2 25. Qxe2) 24... Qxf6 25. Nf3 Qb6 {[%mdl 64] Double Attack} 26. Qxd5 Nxf2+ 27. Rxf2 Qxf2 28. Rf1 Rc1 29. Rxc1 Nxc1 30. Qxb7 $2 (30. Ng1) 30... Rd8 31. h4 {intending Qc7.} Qxg3 {( -> ...Rd1+)} 32. Qe7 Rd1+ {Black mates.} 33. Ng1 g6 {[%cal Bg7g6,Bg6h5][%mdl 32]} 34. h5 gxh5 35. Qe8+ Kg7 36. Qe7 Nd3 {Accuracy: White = 35%, Black = 88%.} 0-1

[Event "RUS Rapid GP Top 16 2018"]
[Site "Khanty-Mansiysk"]
[Date "2018.12.02"]
[Round "6"]
[White "Kokarev, Dmitry"]
[Black "Morozevich, Alexander"]
[Result "1-0"]
[WhiteElo "2698"]
[BlackElo "2696"]
[Annotator "TA"]
[PlyCount "49"]
[EventDate "2018.12.01"]
[EventType "swiss"]
[EventCountry "RUS"]
[SourceTitle "playchess.com"]
[Source "ChessBase"]
[SourceQuality "1"]

{[%evp 22,49,100,104,140,0,0,0,0,-2,0,0,0,4,14,13,5,9,45,41,38,45,137,134,177,167,165,156,1008,928]} 1. e4 c5 2. Nf3 e6 3. d4 cxd4 4. Nxd4 Nc6 5. Nc3 Qc7 6. Be3 a6 7. Qd2 Nf6 8. f4 d6 9. O-O-O Be7 10. Be2 Na5 11. g4 {B83: Sicilian Scheveningen: 6 Be2, lines without ...a6} b5 12. g5 {LiveBook: 3 Games} b4 (12... Nd7 13. Nf5 exf5 14. Nd5 Qd8 15. exf5 Bb7 16. Nxe7 Qxe7 17. Rhe1 O-O 18. Bg1 Qd8 19. Qxd6 {1-0 (31) Bok,B (2586)-Spoelman,W (2571) Amsterdam 2014}) 13. Nd5 ({Resist} 13. gxf6 $6 bxc3 14. Qxc3 Qxc3 $14) (13. Ncb5 $1 $16 {[%cal Rb5c7]} axb5 14. gxf6 Bxf6 15. Qxb4 (15. Bxb5+ Bd7 $11) 15... Bxd4 16. Qxd4 (16. Rxd4 O-O $16)) 13... exd5 $11 14. gxf6 Bxf6 15. exd5 O-O 16. b3 Re8 {Strongly threatening ...Qc3.} 17. Bf3 Bd7 $146 ({Predecessor:} 17... Nb7 18. Nc6 Bc3 {1-0 (47) Lukin,A (2435)-Barskij,V (2325) Orel 1992}) 18. Bf2 Rac8 19. Rhe1 Nb7 20. Rxe8+ Bxe8 21. Nc6 Bc3 ({Better is} 21... a5 $14) 22. Qe3 $36 {[%mdl 2048] And now Ne7+ would win. White is on the roll.} Kf8 23. Be1 Bxe1 24. Rxe1 a5 $2 {[#]} (24... Bxc6 $16 25. dxc6 Nc5) 25. Qd3 {Accuracy: White = 94%, Black = 40%.} 1-0

[Event "RUS Rapid GP Top 16 2018"]
[Site "Khanty-Mansiysk"]
[Date "2018.12.02"]
[Round "6"]
[White "Yudin, Sergei"]
[Black "Pridorozhni, Aleksei"]
[Result "1-0"]
[WhiteElo "2643"]
[BlackElo "2631"]
[Annotator "TA"]
[PlyCount "71"]
[EventDate "2018.12.01"]
[EventType "swiss"]
[EventCountry "RUS"]
[SourceTitle "playchess.com"]
[Source "ChessBase"]
[SourceQuality "1"]

{[%evp 14,71,32,22,31,0,0,-4,0,0,0,0,0,0,0,0,15,0,0,0,0,0,0,-64,-80,-104,-102,-83,0,0,0,-125,-121,-137,-115,-129,-112,-121,-105,-82,-16,-231,-216,-193,0,0,0,0,0,0,0,0,0,0,0,0,725,618,483,471]} 1. e4 e5 2. Nf3 Nc6 3. Bc4 Nf6 4. d3 h6 5. O-O d6 6. c3 g5 {C55: Two Knights: 4 d3, 4 d4 exd4 5 e5 and Max Lange Attack} 7. Re1 (7. a4 Bg7 8. Re1 O-O 9. h3 d5 10. exd5 Nxd5 11. Nbd2 a6 12. Ne4 Nf4 13. a5 b5 14. axb6 cxb6 {1-0 (43) Karjakin,S (2782)-Mamedyarov,S (2808) Paris 2018}) 7... Bg7 8. d4 {LiveBook: 8 Games} O-O {The position is equal.} 9. Nbd2 $146 (9. dxe5 {feels hotter.} dxe5 10. Qe2 Re8 11. h4 g4 12. Nh2) ({Predecessor:} 9. h3 exd4 10. Nxd4 Nxe4 11. Nxc6 bxc6 12. Rxe4 d5 13. Re1 dxc4 14. Qa4 {0-1 (30) Gavrilescu,D (2470)-Esipenko,A (2593) Manavgat 2018}) 9... exd4 10. Nxd4 Nxd4 11. cxd4 d5 12. exd5 Nxd5 13. Nf3 Be6 14. Ne5 c6 15. h4 gxh4 16. Qh5 Qf6 17. Re4 {[#]} h3 $1 {[%mdl 512]} 18. Ng4 ({Better is} 18. Bxd5 $11 Bxd5 19. Rg4) (18. gxh3 Rad8) 18... Qf5 $15 19. Qh4 Qg6 ({Don't go for} 19... hxg2 $2 20. Nxh6+ Bxh6 21. Bxh6 $18) 20. g3 {[%cal Rg4h6,Bg2g3,Bg3h4,Bh4g5,Bg5g6,Bg6f7][%mdl 32]} Nf6 $40 {[%mdl 128] Black is up to no good.} (20... h2+ $17 21. Kxh2 Nf6 22. Nxf6+ Bxf6 23. Rxe6 fxe6 24. Qxh6 Qxh6+ 25. Bxh6 Rfe8) 21. Rxe6 $11 Qxg4 22. Re1 (22. Qxg4 $11 {was the only way to keep the balance.} Nxg4 23. Rg6) 22... Rad8 $17 23. Be3 Qxh4 24. gxh4 Ng4 $1 25. Rad1 h5 26. d5 Bf6 ({Black should play} 26... cxd5 $17 27. Rxd5 Rxd5 28. Bxd5 b6) 27. Bg5 $2 {[#]} (27. Bxa7 $11 Ne5 28. Be2) 27... Bxg5 $1 $19 28. hxg5 {[#]} Rfe8 $2 (28... cxd5 $1 $19 29. Bxd5 Kg7 30. Bxb7 Rfe8) 29. Rxe8+ $11 Rxe8 30. dxc6 $1 bxc6 {[%mdl 4096] Endgame KRB-KRN} 31. g6 $1 {[%cal Rg6f7]} Kg7 32. gxf7 Re4 33. b3 h2+ 34. Kg2 Rf4 $2 {[%mdl 8192]} (34... Ne5 $11) 35. Rd8 $18 Rxf2+ 36. Kh1 {Accuracy: White = 68%, Black = 64%.} 1-0

[Event "RUS Rapid GP Top 16 2018"]
[Site "Khanty-Mansiysk"]
[Date "2018.12.02"]
[Round "6"]
[White "Iljiushenok, Ilia"]
[Black "Sjugirov, Sanan"]
[Result "1/2-1/2"]
[WhiteElo "2607"]
[BlackElo "2722"]
[Annotator "TA"]
[PlyCount "106"]
[EventDate "2018.12.01"]
[EventType "swiss"]
[EventCountry "RUS"]
[SourceTitle "playchess.com"]
[Source "ChessBase"]
[SourceQuality "1"]

{[%evp 9,106,35,45,34,38,35,37,35,38,41,47,0,0,0,0,-10,-8,0,-5,-7,-11,-16,-16,-33,-24,-44,-14,-24,0,-15,-21,-36,-36,-63,-35,-31,-43,-37,-34,-48,0,2,35,0,0,0,0,-160,19,0,0,0,0,0,0,0,0,0,0,0,0,0,0,-385,-356,-349,0,0,0,0,0,0,0,0,0,0,0,0,0,-61,0,0,0,0,0,0,0,0,0,0,0,0,0,0,0,0,0,0,0]} 1. e4 c6 2. d4 d5 3. e5 Bf5 4. h4 Qc8 (4... h6 5. g4 Be4 6. f3 Bh7 7. c4 e6 8. Nc3 dxc4 9. Bxc4 Nd7 10. f4 Nb6 11. Bb3 Ne7 12. h5 Ned5 13. Nge2 Be7 14. O-O {½-½ (39) Antipov,M (2593)-Nakamura,H (2763) Douglas 2018}) 5. Nc3 h6 6. Be3 {B12: Caro-Kann: Advance Variation} e6 7. g4 Bh7 8. Bd3 $146 {White is slightly better.} ({Predecessor:} 8. h5 Nd7 9. f4 a6 10. Bd3 Bxd3 11. cxd3 c5 12. dxc5 {1-0 (34) Kozionov,K (2423)-Mamontova,A (2074) Moscow 2018}) 8... Bxd3 9. Qxd3 c5 10. Nf3 ({White should play} 10. h5 $14) 10... c4 $11 11. Qd2 h5 12. gxh5 Rxh5 13. Ne2 Nc6 14. Ng3 Rh8 15. c3 b5 {[%cal Bb7b5,Bb5b4][%mdl 32]} 16. h5 b4 17. Kf1 Rb8 18. Kg2 Qa6 19. Qc2 Nh6 20. Ng5 Be7 21. f4 Qb7 22. Rab1 b3 23. axb3 Qxb3 24. Qe2 Kd7 {[#]} 25. f5 $1 {[%mdl 512] And now Nxf7! would win.} Bxg5 (25... exf5 26. Bc1) 26. fxe6+ fxe6 {Threatens to win with ...Bxe3.} 27. Bxg5 Rhf8 28. Kh3 $2 {[#]} ({White should try} 28. Qd1 $11) 28... Nf5 $2 (28... Nxd4 $1 $17 {[%mdl 512]} 29. cxd4 Rf3) 29. Nxf5 Rxf5 30. Kg4 Rbf8 $36 {[%mdl 2048] Hoping for ...Nxd4! Black has good play.} 31. Rbf1 Qb8 32. Rxf5 Rxf5 33. Rf1 Qf8 34. Rxf5 Qxf5+ 35. Kh4 a5 36. Qd1 $2 {[%mdl 8192]} (36. Qd2 $11 {and White has nothing to worry.}) 36... Qf2+ $19 {[%mdl 64] Double Attack} 37. Kh3 Kc7 $2 (37... Qxb2 $19 38. Qc1 Qe2) 38. Qd2 $11 Qf3+ 39. Kh4 $1 Kb6 40. Qc2 Qh1+ 41. Kg4 $1 Qg1+ 42. Kh4 Qe1+ 43. Kg4 {[#]} Qg1+ (43... a4 $1 $11 {[%mdl 512]}) 44. Kh4 $15 {[#]} Kb5 ({Better is} 44... a4 $1 $15 {[%mdl 512]}) 45. Qg6 $11 {The position is equal.} Qh2+ 46. Kg4 Qg2+ 47. Kh4 Qf2+ 48. Kg4 Qe2+ 49. Kh4 Qe1+ 50. Kg4 Qg1+ 51. Kh4 Qh1+ 52. Kg4 Qg2+ 53. Kh4 Qh2+ {Accuracy: White = 59%, Black = 67%.} 1/2-1/2

[Event "RUS Rapid GP Top 16 2018"]
[Site "Khanty-Mansiysk"]
[Date "2018.12.02"]
[Round "6"]
[White "Demidov, Mikhail"]
[Black "Ponkratov, Pavel"]
[Result "1/2-1/2"]
[WhiteElo "2586"]
[BlackElo "2658"]
[Annotator "RC"]
[PlyCount "84"]
[EventDate "2018.12.01"]
[EventType "swiss"]
[EventCountry "RUS"]
[SourceTitle "playchess.com"]
[Source "ChessBase"]
[SourceQuality "1"]
[TimeControl "900+10"]

1. c4 {[%emt 0:00:00]} e5 {[%emt 0:00:00]} 2. Nc3 {[%emt 0:00:00]} d6 {[%emt 0:00:05]} 3. d4 {[%emt 0:00:01]} Be7 {[%emt 0:00:59]} 4. e3 {[%emt 0:00:25]} f5 {[%emt 0:00:12]} 5. Bd3 {[%emt 0:00:05]} Nf6 {[%emt 0:00:14]} 6. Nge2 {[%emt 0:00:04]} O-O {[%emt 0:00:16]} 7. O-O {[%emt 0:00:05]} c6 {[%emt 0:00:07]} 8. f3 {[%emt 0:00:02]} Na6 {[%emt 0:00:36]} 9. a3 {[%emt 0:00:11]} Nc7 {[%emt 0:00:02]} 10. Qc2 {[%emt 0:00:25]} g6 {[%emt 0:00:03]} 11. b4 {[%emt 0:00:02]} Be6 {[%emt 0:00:02]} 12. Bb2 {[%emt 0:00:58]} Qe8 {[%emt 0:00:02]} 13. dxe5 {[%emt 0:02:25]} dxe5 {[%emt 0:00:02]} 14. Nd1 {[%emt 0:00:02]} Nd7 {[%emt 0:00:07]} 15. Nf2 {[%emt 0:00:29]} Bf6 {[%emt 0:00:08]} 16. e4 {[%emt 0:00:17]} f4 {[%emt 0:00:09]} 17. c5 {[%emt 0:00:01]} g5 {[%emt 0:00:05]} 18. Bc4 {[%emt 0:00:02]} h5 {[%emt 0:01:04]} 19. Rfd1 {[%emt 0:01:05]} Qf7 {[%emt 0:00:49]} 20. Bxe6 {[%emt 0:00:22]} Nxe6 {[%emt 0:00:02]} 21. Rd6 {[%emt 0:01:30]} Rfd8 {[%emt 0:00:02]} 22. Rad1 {[%emt 0:00:05]} Ndf8 {[%emt 0:00:01]} 23. Qc4 {[%emt 0:01:30]} a5 {[%emt 0:00:57]} 24. h3 {[%emt 0:04:19]} Rxd6 {[%emt 0:01:38]} 25. Rxd6 {[%emt 0:00:19]} Nc7 {[%emt 0:02:13]} 26. Qc2 {[%emt 0:01:09]} axb4 {[%emt 0:01:09]} 27. axb4 {[%emt 0:00:02]} Nb5 {[%emt 0:00:06]} 28. Rd1 {[%emt 0:00:10]} Ne6 {[%emt 0:00:14]} 29. Ra1 {[%emt 0:00:14]} Re8 {[%emt 0:00:36]} 30. Qc4 {[%emt 0:00:52]} Nec7 {[%emt 0:00:49]} 31. Qc2 {[%emt 0:00:14]} Na6 {[%emt 0:00:18]} 32. Nd3 {[%emt 0:00:15]} Qg7 {[%emt 0:00:02]} 33. Qc4+ {[%emt 0:00:31]} Qf7 {[%emt 0:00:10]} 34. Qc2 {[%emt 0:00:01]} Kh7 {[%emt 0:00:03]} 35. Rd1 {[%emt 0:01:03]} Kh6 {[%emt 0:00:06]} 36. Qd2 {[%emt 0:00:49]} Qg7 {[%emt 0:00:23]} 37. Kf1 {[%emt 0:00:30]} Rd8 {[%emt 0:00:10]} 38. Qc2 {[%emt 0:00:03]} Rg8 {[%emt 0:01:10]} 39. Qc4 {[%emt 0:00:13]} Rd8 {[%emt 0:01:40]} 40. Ke1 {[%emt 0:00:21]} Nbc7 {[%emt 0:00:25]} 41. Nf2 {[%emt 0:00:10]} Rxd1+ {[%emt 0:00:39]} 42. Kxd1 {[%emt 0:00:10]} Qd7+ {[%emt 0:01:41]} 1/2-1/2

[Event "RUS Rapid GP Top 16 2018"]
[Site "Khanty-Mansiysk"]
[Date "2018.12.02"]
[Round "6"]
[White "Shuvalova, Polina"]
[Black "Sarana, Alexey"]
[Result "0-1"]
[WhiteElo "2411"]
[BlackElo "2617"]
[Annotator "RC"]
[PlyCount "158"]
[EventDate "2018.12.01"]
[EventType "swiss"]
[EventCountry "RUS"]
[SourceTitle "playchess.com"]
[Source "ChessBase"]
[SourceQuality "1"]
[TimeControl "900+10"]

1. e4 {[%emt 0:00:00]} c5 {[%emt 0:00:00]} 2. Nf3 {[%emt 0:00:00]} d6 {[%emt 0:00:00]} 3. Bb5+ {[%emt 0:00:00]} Nd7 {[%emt 0:00:00]} 4. O-O {[%emt 0:00:05]} a6 {[%emt 0:00:00]} 5. Bd3 {[%emt 0:00:01]} Ngf6 {[%emt 0:00:00]} 6. Re1 {[%emt 0:00:07]} g6 {[%emt 0:00:00]} 7. c3 {[%emt 0:00:02]} Bh6 {[%emt 0:00:02]} 8. Bf1 {[%emt 0:01:18]} Ne5 {[%emt 0:00:03]} 9. Nxe5 {[%emt 0:00:02]} dxe5 {[%emt 0:00:02]} 10. a4 {[%emt 0:00:06]} O-O {[%emt 0:00:09]} 11. Na3 {[%emt 0:00:03]} Be6 {[%emt 0:00:30]} 12. Nc4 {[%emt 0:01:18]} Qc7 {[%emt 0:00:50]} 13. d4 {[%emt 0:01:03]} Bxc1 {[%emt 0:00:18]} 14. Rxc1 {[%emt 0:00:05]} cxd4 {[%emt 0:00:19]} 15. cxd4 {[%emt 0:00:06]} exd4 {[%emt 0:00:13]} 16. Qxd4 {[%emt 0:01:18]} Rfd8 {[%emt 0:00:53]} 17. Qe3 {[%emt 0:02:21]} Ng4 {[%emt 0:01:31]} 18. Qg3 {[%emt 0:00:11]} Qxg3 {[%emt 0:00:19]} 19. hxg3 {[%emt 0:00:03]} Bxc4 {[%emt 0:01:30]} 20. Rxc4 {[%emt 0:00:48]} Rac8 {[%emt 0:00:34]} 21. Rxc8 {[%emt 0:01:31]} Rxc8 {[%emt 0:00:01]} 22. Be2 {[%emt 0:00:01]} h5 {[%emt 0:02:12]} 23. f3 {[%emt 0:01:47]} Nf6 {[%emt 0:00:02]} 24. b3 {[%emt 0:00:24]} Rc3 {[%emt 0:00:21]} 25. Bc4 {[%emt 0:00:16]} Nd7 {[%emt 0:00:19]} 26. Kf2 {[%emt 0:02:20]} Nc5 {[%emt 0:02:45]} 27. Re3 {[%emt 0:00:23]} Rc2+ {[%emt 0:00:03]} 28. Re2 {[%emt 0:00:07]} Rc3 {[%emt 0:00:01]} 29. Re3 {[%emt 0:00:02]} Nxa4 {[%emt 0:00:05]} 30. Bxa6 {[%emt 0:01:31]} bxa6 {[%emt 0:00:15]} 31. bxa4 {[%emt 0:00:01]} Rc4 {[%emt 0:00:02]} 32. Ra3 {[%emt 0:01:05]} a5 {[%emt 0:00:01]} 33. Ke3 {[%emt 0:00:37]} Kg7 {[%emt 0:00:04]} 34. Kd3 {[%emt 0:00:18]} Rb4 {[%emt 0:00:02]} 35. Ra2 {[%emt 0:00:04]} Kf6 {[%emt 0:00:06]} 36. Ke3 {[%emt 0:00:24]} Kg5 {[%emt 0:00:04]} 37. Kf2 {[%emt 0:00:21]} Kf6 {[%emt 0:00:27]} 38. Ke3 {[%emt 0:00:01]} Ke5 {[%emt 0:00:05]} 39. Ra3 {[%emt 0:00:12]} e6 {[%emt 0:00:53]} 40. f4+ {[%emt 0:00:33]} Kf6 {[%emt 0:00:02]} 41. Kf3 {[%emt 0:00:03]} g5 {[%emt 0:00:10]} 42. Ke3 {[%emt 0:00:21]} Kg6 {[%emt 0:00:39]} 43. Kf3 {[%emt 0:00:16]} Rc4 {[%emt 0:00:11]} 44. Ke3 {[%emt 0:00:18]} Rc2 {[%emt 0:00:08]} 45. fxg5 {[%emt 0:00:18]} Rxg2 {[%emt 0:00:03]} 46. Kd4 {[%emt 0:00:14]} Rb2 {[%emt 0:01:01]} 47. Kc5 {[%emt 0:00:10]} Rb4 {[%emt 0:00:08]} 48. e5 {[%emt 0:00:02]} Kxg5 {[%emt 0:00:10]} 49. Rf3 {[%emt 0:00:18]} Kg6 {[%emt 0:00:21]} 50. Ra3 {[%emt 0:00:07]} Kg7 {[%emt 0:00:20]} 51. Kd6 {[%emt 0:00:04]} Kf8 {[%emt 0:00:03]} 52. Kd7 {[%emt 0:00:07]} Rc4 {[%emt 0:00:29]} 53. Kd6 {[%emt 0:00:18]} Ke8 {[%emt 0:00:07]} 54. Ra2 {[%emt 0:00:14]} Rd4+ {[%emt 0:00:10]} 55. Kc6 {[%emt 0:00:05]} Rb4 {[%emt 0:00:40]} 56. Kd6 {[%emt 0:00:08]} Kf8 {[%emt 0:00:22]} 57. Ra3 {[%emt 0:00:04]} Re4 {[%emt 0:00:02]} 58. Ra2 {[%emt 0:00:07]} Kg7 {[%emt 0:00:20]} 59. Ra3 {[%emt 0:00:15]} Kg6 {[%emt 0:00:00]} 60. Ra2 {[%emt 0:00:06]} f6 {[%emt 0:00:29]} 61. exf6 {[%emt 0:00:25]} Kxf6 {[%emt 0:00:09]} 62. Ra3 {[%emt 0:00:07]} Kg5 {[%emt 0:00:07]} 63. Ra2 {[%emt 0:00:07]} Kg4 {[%emt 0:00:16]} 64. Ra3 {[%emt 0:00:02]} Kg5 {[%emt 0:00:51]} 65. Ra2 {[%emt 0:00:14]} Kf5 {[%emt 0:00:02]} 66. Ra3 {[%emt 0:00:03]} Rd4+ {[%emt 0:00:06]} 67. Kc5 {[%emt 0:00:06]} Rb4 {[%emt 0:00:19]} 68. Ra1 {[%emt 0:00:18]} e5 {[%emt 0:00:07]} 69. Rh1 {[%emt 0:00:20]} Kg5 {[%emt 0:00:04]} 70. Re1 {[%emt 0:00:12]} e4 {[%emt 0:00:02]} 71. Ra1 {[%emt 0:00:13]} e3 {[%emt 0:00:27]} 72. Re1 {[%emt 0:00:08]} Re4 {[%emt 0:00:02]} 73. Kd5 {[%emt 0:00:05]} Re8 {[%emt 0:00:02]} 74. Kd4 {[%emt 0:00:08]} Kg4 {[%emt 0:00:01]} 75. Kd3 {[%emt 0:00:08]} e2 {[%emt 0:00:25]} 76. Kd2 {[%emt 0:00:06]} Kxg3 {[%emt 0:00:03]} 77. Rh1 {[%emt 0:00:22]} e1=Q+ {[%emt 0:00:05]} 78. Rxe1 {[%emt 0:00:02]} Rxe1 {[%emt 0:00:01]} 79. Kxe1 {[%emt 0:00:01]} Kg2 {[%emt 0:00:01]} 0-1

[Event "RUS Rapid GP Top 16 2018"]
[Site "Khanty-Mansiysk"]
[Date "2018.12.02"]
[Round "6"]
[White "Kabanov, Nikolai"]
[Black "Chigaev, Maksim"]
[Result "0-1"]
[WhiteElo "2403"]
[BlackElo "2671"]
[Annotator "TA"]
[PlyCount "101"]
[EventDate "2018.12.01"]
[EventType "swiss"]
[EventCountry "RUS"]
[SourceTitle "playchess.com"]
[Source "ChessBase"]
[SourceQuality "1"]

{[%evp 21,101,18,18,18,22,0,0,-58,-58,-177,-84,-68,-87,-78,-59,-58,-12,-15,-13,-22,38,-27,76,5,91,-116,-103,-149,-114,-120,-94,-110,-116,-134,-125,-439,-415,-1485,-350,-692,-150,-127,-135,-134,-135,-110,-110,-203,-181,-237,-233,-310,-255,-571,-558,-964,-953,-857,-545,-590,-575,-613,-437,-549,-564,-543,-541,-521,-514,-506,-506,-339,-339,-339,-339,-339,-208,-622,-332,-314,-320,-317]} 1. e4 c5 2. Nf3 e6 3. d4 cxd4 4. Nxd4 Nc6 5. Nc3 Qc7 6. f4 Nxd4 7. Qxd4 a6 8. Be3 {B47: Sicilian: Taimanov: 5 Nc3 Qc7 6 f4, 6 g3 and 6 Be2} b5 9. Bd3 Bb7 10. O-O-O Rc8 11. Rhe1 Nf6 {LiveBook: 3 Games} 12. e5 Nd5 {[%cal Rd5c3]} 13. Nxd5 $146 ({Predecessor:} 13. Ne4 Nxe3 14. Qxe3 Be7 15. Kb1 O-O {1-0 (50) Hracek,Z (2646)-Schwarz,D (2339) Slovakia 2015}) 13... Bxd5 14. f5 (14. Be4 $11) 14... Bxa2 $15 15. Qg4 (15. Re2 $15) 15... exf5 ({Much less strong is} 15... Qxe5 16. Bd4 $15) (15... Qa5 $1 $19 {is more deadly.} 16. Bd2 b4) 16. Bxf5 $17 Be6 {And now ...g6 would win.} 17. Re2 Qc4 18. Bxe6 fxe6 19. Qf3 {Strongly threatening Rf2.} Be7 20. Red2 $1 g6 ({Black should try} 20... Qc6 $11) 21. Kb1 (21. Bh6 $14) 21... b4 {[#]} (21... Rf8 $11 22. Qb7 {[%mdl 64] Double Attack} Rc7 23. Qxa6 Rf1 24. Qa8+ Bd8 25. Rxf1 Qxf1+ 26. Ka2 Qc4+ 27. Kb1 Qf1+ 28. Ka2 Qc4+ 29. Kb1 Qf1+) 22. b3 (22. Bh6 $1 $16) 22... Qc6 (22... Qc3 $1 $11) 23. Qf2 $2 (23. Qxc6 $16 {and life is bright.} dxc6 24. Rd7) 23... Rf8 24. Qg3 Qe4 25. Bd4 Bh4 26. Qh3 Rf7 27. Bb2 Rc6 28. Ka2 $2 {[%mdl 8192]} (28. Qd3 $17 {is a better chance.} Qxd3 29. Rxd3) 28... Bg5 $19 (28... Rxc2 $2 29. Rxc2 Qxc2 30. Rc1 $19) 29. Rd6 (29. Qd3 $142 Qxd3 30. Rxd3 Rxc2 31. Kb1 Rxg2 32. h3) 29... a5 $2 (29... Rxc2 30. Ka1 {[#]} Rxb2 $1 {[%mdl 512]}) 30. R1d4 $2 (30. Rxc6 Qxc6 31. c4) 30... Qf5 $2 (30... Rxc2 $19 {and Black stays clearly on top. aiming for ...Qe2.} 31. Rxe4 Rff2) 31. Rxc6 $17 dxc6 {[%cal Bd7c6,Bc6c5][%mdl 32]} 32. Qg3 Be7 33. Rc4 c5 34. Qe3 (34. Qe1 $17 {is a better defense.}) 34... Kf8 $19 35. g4 (35. Bc1 $142) 35... Qf3 36. Qd2 Qd5 37. Qh6+ $2 (37. Qe2) 37... Kg8 38. Qh3 {[#]} a4 $1 {[%mdl 512]} 39. Qe3 (39. bxa4 Qxc4+) 39... Bf8 40. Qe2 axb3+ 41. cxb3 Rf3 42. Qc2 Qa8+ 43. Kb1 Rf1+ 44. Bc1 Bh6 45. Qd3 Rxc1+ 46. Rxc1 Bxc1 47. Kxc1 {KQ-KQ} Qh1+ 48. Qd1 Qd5 ({Weaker is} 48... Qxh2 49. Qd8+ Kg7 50. Qe7+ Kg8 51. Qxe6+ Kg7 52. Qe7+ Kg8 53. Qd8+ Kg7 54. Qe7+ Kg8 55. Qd8+ Kg7 56. Qe7+ $11) 49. Kc2 $2 (49. Qd2) 49... g5 50. Qe2 Qd4 51. Kb1 {Accuracy: White = 22%, Black = 40%.} 0-1